Wireless communications and networking (Record no. 97323)

MARC details
000 -LEADER
fixed length control field 00544nam a2200193Ia 4500
008 - FIXED-LENGTH DATA ELEMENTS--GENERAL INFORMATION
fixed length control field 191130s2009##################000#0#eng##
020 ## - INTERNATIONAL STANDARD BOOK NUMBER
ISBN 9788120327467
082 ## - DEWEY DECIMAL CLASSIFICATION NUMBER
Classification number 621.382 MAR
100 ## - MAIN ENTRY--AUTHOR NAME
Personal name Mark, Jon W
245 ## - TITLE STATEMENT
Title Wireless communications and networking
Statement of responsibility, etc Jon W. Mark and Weihua Zhuang
260 ## - PUBLICATION, DISTRIBUTION, ETC. (IMPRINT)
Place of publication New Delhi
Year of publication 2009
300 ## - PHYSICAL DESCRIPTION
Number of Pages xi, 356 p. : ill. ; 23 cm
650 ## - SUBJECT ADDED ENTRY--TOPICAL TERM
Topical Term Wireless communication
700 ## - ADDED ENTRY--PERSONAL NAME
Personal name Zhuang, Weihua
991 ## -
-- 186830
Holdings
Withdrawn status Lost status Damaged status Not for loan Home library Current library Shelving location Date acquired Full call number Accession Number Price effective from Koha item type
        Anna Centenary Library Anna Centenary Library 6TH FLOOR, A WING 09.10.2020 621.382 MAR 326550 09.10.2020 English Books

Find us on the map